000 00565nam a22002177a 4500
003 OSt
005 20170113141032.0
008 170113b xxu||||| |||| 00| 0 eng d
020 _a9781285192482
040 _cDDC
082 _a003 ROS 2014
100 _aRosenblatt, Harry J.
_96614
245 _aSystems Analysis and Design
250 _b10th ed.
260 _aAustralia; Cengage Learning, 2014
300 _axix,668p; col.ill: 28cm
504 _aIndex included
650 _aSystems design
_9586
650 _aSystems analysis
_9449
942 _2z
_cO_SHELF
999 _c5451
_d5451